000
00267nam a2200109Ia 4500
008
220204s9999 xx 000 0 und d
082
_a
82-3GRE
_b
GRE
100
_a
Greene, Graham
245
0
_a
Heart of the matter etc
260
_a
London
_b
Heinemann
_c
1977
942
_c
BK
999
_c
27291
_d
27291